Ummahatul mukminin : wanita anggun penyeri alam

Bibliographic Details
Main Author: Noorsuriati Talib
Other Authors: Mohd Radzali Masrum
Format: Book
Published: Kuala Lumpur : Pustaka Yamien , 2007
Subjects:

MARC

LEADER 00000cam a2200000 7i4500
001 0000015491
005 20080701.0
008 080327
020 |a 9833446582 
090 0 0 |a 297.642   |b NOO 
100 0 |a Noorsuriati Talib 
245 1 0 |a Ummahatul mukminin :   |b wanita anggun penyeri alam   |c Noorsuriati Talib, Mohd Radzali Masrum 
260 |a Kuala Lumpur :   |b Pustaka Yamien ,   |c 2007 
600 0 0 |a Muhammad, prophet, d.632   |x History 
700 0 |a Mohd Radzali Masrum 
999 |a 0001017882   |b Book   |c Adult Collection   |e Cawangan Urban Transformation Centre 
999 |a 0001017883   |b Book   |c Adult Collection   |e Perbadanan Perpustakaan Awam Johor